00269nam a2200097Ia 4500008004100000100002500041245004000066260003900106300000800145650001800153191201s2004 xx 000 0 und d aRELI, Surendar Kumar 0aNatik Shiksha Avm Vahyvaar Kushalta aN. DelhibArya Vidya Prishadc2004 a463 aGeneral Books